Las corporaciones transnacionales y el mundo en desarrollo /

保存先:
書誌詳細
第一著者: Koroliov, Yuri
フォーマット: テキスト
タグ: タグ追加
タグなし, このレコードへの初めてのタグを付けませんか!

MARC

LEADER 00000 a a2200000 04500
001 605
003
040
100 |a Koroliov, Yuri  
245 |a Las corporaciones transnacionales y el mundo en desarrollo /  |c Yuri Koroliov 
773 |g número 11; páginas 29-51  
999 |c 26542  |d 26542